000 00790nam a2200229 i 4500
001 151004
003 ES-MaACL
005 20250728033204.0
007 t|
008 071127s2006 sp ||||1| spa d
020 _a84-9704-279-4
080 _a351.852/.853(460)
100 1 _aLópez Trujillo, Miguel Angel.
_974007
245 1 0 _aPatrimonio
_b: la lucha por los bienes culturales españoles (1500-1939) /
_cMiguel Angel López Trujillo.
260 _aGijón :
_bTrea,
_c[2006]
300 _a486 p. :
_bil. ;
_c22 cm.
490 1 _aBiblioteconomía y administración cultural ;
_v157
650 4 _aPatrimonio cultural-
_zEspaña.
_915891
830 0 0 _aBiblioteconomía y administración cultural
_v157
_9184219
852 _aES-MaACL
_jL-29060
_bR.142974
999 _c151004
_d151004